000 00352pam a2200157a 44500
008 230515b1998 xxu||||| |||| 00| 0 eng d
020 _aNULL
041 _aENGLISH
082 _aBEC
100 _aBECKMAN E. W.
245 _aFLOW CHARCTERISTICS OF ELKHORM RIVER
250 _aNULL
260 _aPUNE
_bN/A
_c1998
300 _a20
650 _aNULL
999 _c661939
_d661939